Statistics for Every North American Country Shape Quiz

Click here to take the quiz!

General Stats

  • This quiz has been taken 1,604 times
  • The average score is 16 of 23

Answer Stats

Country % Correct
United States
100%
Canada
98%
Cuba
95%
Mexico
95%
Bahamas
85%
Panama
84%
Haiti
82%
Jamaica
79%
Trinidad and Tobago
76%
Guatemala
75%
Belize
71%
Nicaragua
71%
Costa Rica
71%
Saint Kitts and Nevis
63%
Saint Vincent and the Grenadines
62%
Dominican Republic
60%
El Salvador
58%
Honduras
58%
Antigua and Barbuda
57%
Barbados
52%
Saint Lucia
50%
Grenada
49%
Dominica
46%

Score Distribution

Percentile by Number Answered

Percent of People with Each Score

Your Score History

You have not taken this quiz